<?xml version="1.0" encoding="UTF-8"?>
<record
    xmlns:xsi="http://www.w3.org/2001/XMLSchema-instance"
    xsi:schemaLocation="http://www.loc.gov/MARC21/slim http://www.loc.gov/standards/marcxml/schema/MARC21slim.xsd"
    xmlns="http://www.loc.gov/MARC21/slim">

  <leader>00892nam a2200205 a 4500</leader>
  <datafield tag="999" ind1=" " ind2=" ">
    <subfield code="c">1523</subfield>
    <subfield code="d">1523</subfield>
  </datafield>
  <datafield tag="020" ind1=" " ind2=" ">
    <subfield code="a">0471599751 (paperback)</subfield>
  </datafield>
  <datafield tag="020" ind1=" " ind2=" ">
    <subfield code="a">9780471599753 (paperback)</subfield>
  </datafield>
  <datafield tag="082" ind1=" " ind2=" ">
    <subfield code="a">530.02 DAS</subfield>
  </datafield>
  <datafield tag="100" ind1="1" ind2=" ">
    <subfield code="a">Das, Ashok</subfield>
  </datafield>
  <datafield tag="245" ind1="1" ind2="0">
    <subfield code="a">Introduction to nuclear and particle physics </subfield>
  </datafield>
  <datafield tag="250" ind1=" " ind2=" ">
    <subfield code="a">International edition.</subfield>
  </datafield>
  <datafield tag="260" ind1=" " ind2=" ">
    <subfield code="a">[S.l.] :</subfield>
    <subfield code="b">John Wiley and Sons (WIE),</subfield>
    <subfield code="c">1993.</subfield>
  </datafield>
  <datafield tag="300" ind1=" " ind2=" ">
    <subfield code="a">366 p. ;</subfield>
  </datafield>
  <datafield tag="500" ind1=" " ind2=" ">
    <subfield code="a">International Edition.</subfield>
  </datafield>
  <datafield tag="520" ind1=" " ind2=" ">
    <subfield code="a">This introductory textbook stresses the reasoning chain of experimental observation, the development of physical principles and the creation of mathematical/quantitative models. It describes major concepts in both nuclear and particle physics and outlines the overlapping aspects.</subfield>
  </datafield>
  <datafield tag="650" ind1=" " ind2=" ">
    <subfield code="a">physics,nuclear,particle physics</subfield>
  </datafield>
  <datafield tag="700" ind1="1" ind2=" ">
    <subfield code="a">Ferbel, Thomas.</subfield>
  </datafield>
  <datafield tag="856" ind1="4" ind2="0">
    <subfield code="u">http://www.amazon.com/exec/obidos/ASIN/0471599751/chopaconline-20</subfield>
  </datafield>
  <datafield tag="942" ind1=" " ind2=" ">
    <subfield code="c">BK</subfield>
  </datafield>
  <datafield tag="952" ind1=" " ind2=" ">
    <subfield code="0">0</subfield>
    <subfield code="1">0</subfield>
    <subfield code="7">0</subfield>
    <subfield code="8">NFIC</subfield>
    <subfield code="a">MLCampus</subfield>
    <subfield code="b">MLCampus</subfield>
    <subfield code="c">GEN</subfield>
    <subfield code="d">2015-07-08</subfield>
    <subfield code="l">5</subfield>
    <subfield code="o">539.7 DAS</subfield>
    <subfield code="p">002080</subfield>
    <subfield code="r">2022-11-17 00:00:00</subfield>
    <subfield code="s">2019-04-06</subfield>
    <subfield code="w">2015-07-08</subfield>
    <subfield code="y">BK</subfield>
  </datafield>
</record>
